[Event "NED-chT 2223"]
[Site "Netherlands"]
[Date "2023.04.01"]
[Round "8.1"]
[White "Krudde, Fitzgerald"]
[Black "Maenhout, Thibaut"]
[Result "0-1"]
[WhiteElo "2283"]
[BlackElo "2384"]
[PlyCount "74"]
[EventDate "2022.09.17"]
[EventType "team-tourn"]
[EventRounds "9"]
[EventCountry "NED"]
[SourceTitle "EXT 2024"]
[Source "ChessBase"]
[SourceDate "2023.10.10"]
[SourceVersion "1"]
[SourceVersionDate "2023.10.10"]
[SourceQuality "1"]
[WhiteTeam "Amstelveen Zukertort"]
[BlackTeam "Sas van Gent"]
[WhiteTeamCountry "NED"]
[BlackTeamCountry "NED"]

1. Nf3 c5 2. c4 Nc6 3. Nc3 g6 4. e3 Nf6 5. d4 cxd4 6. Nxd4 Bg7 7. Be2 0-0 8. 0-0 b6 9. Nxc6 dxc6 10. Bf3 Qc7 11. Qe2 Ba6 12. Bd2 Nd7 13. Rfd1 Ne5 14. b3 f5 15. Be1 e6 16. Rac1 Qe7 17. Rd2 Bb7 18. Qd1 Nxf3+ 19. Qxf3 c5 20. Qe2 g5 21. Rcd1 Bc6 22. Rd3 Be5 23. f3 Qg7 24. Nb5 a6 25. Nd6 g4 26. f4 Bf6 27. Bf2 Bf3 28. Qc2 Bxd1 29. Rxd1 Rad8 30. e4 fxe4 31. Nxe4 Rxd1+ 32. Qxd1 Bd4 33. g3 Rd8 34. Qe2 h5 35. Ng5 Bxf2+ 36. Kg2 Be3 37. Nxe6 Qb7+ 0-1

[Event "BEL-chT 2223"]
[Site "Belgium"]
[Date "2023.01.29"]
[Round "6.3"]
[White "Timmerman, Gert Jan"]
[Black "Maenhout, Thibaut"]
[Result "0-1"]
[WhiteElo "2180"]
[BlackElo "2397"]
[PlyCount "56"]
[EventDate "2022.09.25"]
[EventType "team-tourn"]
[EventRounds "11"]
[EventCountry "BEL"]
[SourceTitle "CBM 213 Extra"]
[Source "ChessBase"]
[SourceDate "2023.05.31"]
[SourceVersion "1"]
[SourceVersionDate "2023.05.31"]
[SourceQuality "1"]
[WhiteTeam "Oostende"]
[BlackTeam "KBSK Brugge"]
[WhiteTeamCountry "BEL"]
[BlackTeamCountry "BEL"]

1. e4 c5 2. Nf3 d6 3. d4 cxd4 4. Nxd4 Nf6 5. Nc3 a6 6. Bc4 e6 7. Bb3 Nbd7 8. g4 Nc5 9. Qe2 Be7 10. g5 Nfd7 11. Rg1 Qc7 12. f4 b5 13. f5 Ne5 14. Bf4 Bd7 15. a3 Rb8 16. Rd1 b4 17. axb4 Rxb4 18. Rg3 Qb7 19. h4 a5 20. Bc1 g6 21. Kf2 Bd8 22. Kg1 Bb6 23. Qe3 Nxb3 24. cxb3 Nc6 25. fxe6 fxe6 26. Nce2 Nxd4 27. Nxd4 e5 28. Kh2 Rxd4 0-1

[Event "NED-chT 2223"]
[Site "Netherlands"]
[Date "2022.12.17"]
[Round "5.1"]
[White "Maenhout, Thibaut"]
[Black "Ten Hertog, Hugo"]
[Result "1/2-1/2"]
[WhiteElo "2397"]
[BlackElo "2528"]
[PlyCount "107"]
[EventDate "2022.09.17"]
[EventType "team-tourn"]
[EventRounds "9"]
[EventCountry "NED"]
[SourceTitle "CBM 213 Extra"]
[Source "ChessBase"]
[SourceDate "2023.05.31"]
[SourceVersion "1"]
[SourceVersionDate "2023.05.31"]
[SourceQuality "1"]
[WhiteTeam "Sas van Gent"]
[BlackTeam "Paul Keres"]
[WhiteTeamCountry "NED"]
[BlackTeamCountry "NED"]

1. e4 c6 2. Nc3 d5 3. Nf3 dxe4 4. Nxe4 Nf6 5. Qe2 Na6 6. d4 Nxe4 7. Qxe4 Qd5 8. Qxd5 cxd5 9. c3 f6 10. Bf4 Bf5 11. h4 h5 12. Kd2 Rc8 13. Ne1 Nb8 14. Bd3 Bxd3 15. Nxd3 Nd7 16. Rhe1 Kf7 17. Re2 e6 18. a4 a5 19. Rae1 Rc6 20. Kc2 Be7 21. Bd2 Bd8 22. g3 Bc7 23. b4 Nf8 24. b5 Rd6 25. Bf4 Rd7 26. Nc5 Re7 27. Bxc7 Rxc7 28. b6 Rc6 29. Rb1 Ng6 30. Nxb7 Rb8 31. Nxa5 Rcxb6 32. Ree1 Ne7 33. Rxb6 Rxb6 34. Nb3 Nc6 35. f4 e5 36. fxe5 fxe5 37. dxe5 Ra6 38. a5 Ra7 39. Ra1 Nxe5 40. a6 Nc6 41. Kd3 Nb8 42. Kd4 Ke6 43. c4 dxc4 44. Kxc4 Kf5 45. Ra5+ Kg4 46. Rg5+ Kh3 47. Nc5 Nxa6 48. Ne6 Nc7 49. Nf4+ Kh2 50. Rxg7 Ra4+ 51. Kd3 Ne8 52. Rg8 Nf6 53. Rg6 Ng4 54. Rg5 1/2-1/2

[Event "BEL-chT 2223"]
[Site "Belgium"]
[Date "2022.11.20"]
[Round "4.1"]
[White "Pirard, Gregory"]
[Black "Maenhout, Thibaut"]
[Result "0-1"]
[WhiteElo "2077"]
[BlackElo "2397"]
[PlyCount "114"]
[EventDate "2022.09.25"]
[EventType "team-tourn"]
[EventRounds "11"]
[EventCountry "BEL"]
[SourceTitle "CBM 213 Extra"]
[Source "ChessBase"]
[SourceDate "2023.05.31"]
[SourceVersion "1"]
[SourceVersionDate "2023.05.31"]
[SourceQuality "1"]
[WhiteTeam "Liege Crelel"]
[BlackTeam "KBSK Brugge"]
[WhiteTeamCountry "BEL"]
[BlackTeamCountry "BEL"]

1. c4 c5 2. g3 Nc6 3. Bg2 g6 4. Nc3 Bg7 5. a3 d6 6. Rb1 a5 7. e3 Nf6 8. Nge2 0-0 9. 0-0 Rb8 10. h3 Bd7 11. d3 Qc8 12. Kh2 Ne8 13. f4 Nc7 14. a4 Nb4 15. e4 Ne6 16. f5 Nd4 17. g4 Be5+ 18. Kh1 f6 19. Nf4 Qe8 20. Rf2 g5 21. Nfd5 Rf7 22. Nc7 Qf8 23. Be3 Qh6 24. Rd2 Qh4 25. Bf2 Bg3 26. Bxg3 Qxg3 27. Qe1 Qe5 28. N7d5 h5 29. Ne3 Rh7 30. gxh5 Rxh5 31. Qf2 Rh4 32. Ng4 Rxg4 33. hxg4 Kf7 34. Kg1 Rh8 35. Re1 Rh4 36. Re3 Rxg4 37. Rh3 Bc6 38. Kh1 Ke8 39. Rh8+ Kd7 40. Rh3 Rf4 41. Qg3 Nb3 42. Rd1 g4 43. Rh4 Rf1+ 44. Kh2 Rxd1 45. Qxe5 dxe5 46. Nxd1 Nxd3 47. Rxg4 Nd2 48. Rg3 Nf4 49. Nf2 Nxc4 50. Nd3 Ne2 51. Rh3 Kd6 52. b3 Nd2 53. Nb2 Nd4 54. Nc4+ Nxc4 55. bxc4 Bxa4 56. Ra3 Bb3 57. Rxa5 Bxc4 0-1

[Event "NED-chT 2223"]
[Site "Netherlands"]
[Date "2022.10.08"]
[Round "2.6"]
[White "Maenhout, Thibaut"]
[Black "Van Meegen, Ruud"]
[Result "1/2-1/2"]
[WhiteElo "2377"]
[BlackElo "2282"]
[PlyCount "82"]
[EventDate "2022.09.17"]
[EventType "team-tourn"]
[EventRounds "9"]
[EventCountry "NED"]
[SourceTitle "CBM 213 Extra"]
[Source "ChessBase"]
[SourceDate "2023.05.31"]
[SourceVersion "1"]
[SourceVersionDate "2023.05.31"]
[SourceQuality "1"]
[WhiteTeam "Sas van Gent"]
[BlackTeam "Zuid Limburg"]
[WhiteTeamCountry "NED"]
[BlackTeamCountry "NED"]

1. e4 c6 2. Nc3 d5 3. Nf3 Bg4 4. h3 Bxf3 5. Qxf3 e6 6. Be2 Bc5 7. 0-0 Nd7 8. exd5 cxd5 9. Rd1 Ngf6 10. d4 Be7 11. Bf4 0-0 12. Bd3 Rc8 13. Ne2 Re8 14. c3 a6 15. Ng3 b5 16. a4 Qb6 17. Qe2 Bd6 18. Bxd6 Qxd6 19. axb5 axb5 20. Bxb5 Rb8 21. Ra6 Rb6 22. Rxb6 Qxb6 23. b3 e5 24. Nh5 Nxh5 25. Bxd7 Nf4 26. Qg4 Rd8 27. dxe5 Qxb3 28. Rd4 Ng6 29. e6 Qxc3 30. exf7+ Kf8 31. Qe2 Ne7 32. Rxd5 Qc7 33. Be6 Nxd5 34. Bxd5 Qe7 35. Qh5 h6 36. Qf5 Qc5 37. Qh7 Qc1+ 38. Kh2 Qf4+ 39. Kg1 Qc1+ 40. Kh2 Qf4+ 41. Kg1 Qc1+ 1/2-1/2

[Event "NED-chT 2122"]
[Site "Netherlands"]
[Date "2022.04.23"]
[Round "9.3"]
[White "Janssen, Ruud"]
[Black "Maenhout, Thibaut"]
[Result "0-1"]
[WhiteElo "2529"]
[BlackElo "2395"]
[PlyCount "60"]
[EventDate "2021.09.18"]
[EventType "team-tourn"]
[EventRounds "9"]
[EventCountry "NED"]
[SourceTitle "EXT 2023"]
[Source "ChessBase"]
[SourceDate "2022.10.05"]
[SourceVersion "1"]
[SourceVersionDate "2022.10.05"]
[SourceQuality "1"]
[WhiteTeam "En Passant"]
[BlackTeam "Sas van Gent"]
[WhiteTeamCountry "NED"]
[BlackTeamCountry "NED"]

1. c4 c5 2. Nf3 Nc6 3. d4 cxd4 4. Nxd4 Nf6 5. Nc3 e6 6. e4 Bc5 7. Nxc6 dxc6 8. Qxd8+ Kxd8 9. h3 e5 10. Bd3 Be6 11. Ke2 Ke7 12. Na4 Bd4 13. Bd2 Rhd8 14. Bb4+ Ke8 15. Rad1 b6 16. g4 Nd7 17. Kf3 Rab8 18. Rhe1 a5 19. Bd2 Nf8 20. Bf1 Bd7 21. Nc3 Ne6 22. Bc1 Ke7 23. h4 Rf8 24. Kg3 f6 25. Be3 h5 26. gxh5 Bxe3 27. Rxe3 Nf4 28. Ne2 Nxh5+ 29. Kf3 Rbd8 30. Red3 f5 0-1

[Event "BEL-chT 2122"]
[Site "Belgium"]
[Date "2022.03.20"]
[Round "4.3"]
[White "Baselmans, Luuk"]
[Black "Maenhout, Thibaut"]
[Result "1/2-1/2"]
[WhiteElo "2248"]
[BlackElo "2396"]
[PlyCount "105"]
[EventDate "2021.10.24"]
[EventType "team-tourn"]
[EventRounds "11"]
[EventCountry "BEL"]
[SourceTitle "EXT 2023"]
[Source "ChessBase"]
[SourceDate "2022.10.05"]
[SourceVersion "1"]
[SourceVersionDate "2022.10.05"]
[SourceQuality "1"]
[WhiteTeam "Brasschaat"]
[BlackTeam "KBSK Brugge"]
[WhiteTeamCountry "BEL"]
[BlackTeamCountry "BEL"]

1. e4 c5 2. Nf3 d6 3. Bb5+ Bd7 4. Bxd7+ Nxd7 5. 0-0 Ngf6 6. Re1 e6 7. b3 Be7 8. Bb2 0-0 9. c4 a6 10. d4 cxd4 11. Nxd4 Qa5 12. Nc3 Rac8 13. Rc1 Bd8 14. Kh1 Bb6 15. f4 Qh5 16. Qxh5 Nxh5 17. Nde2 Nhf6 18. Ba3 Ng4 19. Nd1 Bc5 20. Bb2 b5 21. Ng3 e5 22. Re2 bxc4 23. Rxc4 exf4 24. Nf5 Nde5 25. Ra4 Rc7 26. h3 Nf6 27. b4 Ba7 28. Rxa6 Nh5 29. Nc3 g6 30. g4 f3 31. Re1 gxf5 32. gxh5 Nd3 33. Rf1 Nxb2 34. Nb5 Rc2 35. Rxa7 fxe4 36. Nxd6 e3 37. Re7 Rd8 38. h6 Rf2 39. Rg1+ Rg2 40. Rxg2+ fxg2+ 41. Kxg2 Kf8 42. Rxf7+ Kg8 43. Rg7+ Kf8 44. Rf7+ Kg8 45. Rf6 Nd3 46. Kf3 Nxb4 47. Ne4 Re8 48. Rf4 Nd5 49. Rg4+ Kf8 50. Rg2 Re6 51. h4 Rxh6 52. Rg5 e2 53. Kxe2 1/2-1/2

[Event "BEL-chT 2122"]
[Site "Belgium"]
[Date "2022.03.13"]
[Round "9.5"]
[White "Maenhout, Thibaut"]
[Black "Dourerassou, Jonathan"]
[Result "1/2-1/2"]
[WhiteElo "2396"]
[BlackElo "2462"]
[PlyCount "74"]
[EventDate "2021.10.24"]
[EventType "team-tourn"]
[EventRounds "11"]
[EventCountry "BEL"]
[SourceTitle "EXT 2023"]
[Source "ChessBase"]
[SourceDate "2022.10.05"]
[SourceVersion "1"]
[SourceVersionDate "2022.10.05"]
[SourceQuality "1"]
[WhiteTeam "KBSK Brugge"]
[BlackTeam "Wachtebeke"]
[WhiteTeamCountry "BEL"]
[BlackTeamCountry "BEL"]

1. e4 e6 2. d4 d5 3. Nd2 c5 4. Ngf3 Nc6 5. exd5 exd5 6. Bb5 Bd6 7. dxc5 Bxc5 8. 0-0 Nge7 9. Nb3 Bb6 10. Re1 0-0 11. Bg5 Qd6 12. Qd2 Ng6 13. Rad1 Bg4 14. Qxd5 Qxd5 15. Rxd5 Bxf3 16. gxf3 f6 17. Be3 Nce5 18. Be2 Nh4 19. Nd2 Rfd8 20. c4 Rxd5 21. cxd5 Ba5 22. Rd1 Bxd2 23. Bxd2 Nhxf3+ 24. Bxf3 Nxf3+ 25. Kg2 Nh4+ 26. Kg3 Nf5+ 27. Kf4 Ne7 28. Be3 Rd8 29. Bxa7 Nxd5+ 30. Kf3 Kf7 31. a4 Ke6 32. Be3 g5 33. Rd4 Rc8 34. Re4+ Kd6 35. b4 Rc3 36. Kg4 Rb3 37. Kf5 h5 1/2-1/2

[Event "NED-chT 2122"]
[Site "Netherlands"]
[Date "2022.03.12"]
[Round "7.6"]
[White "Maenhout, Thibaut"]
[Black "Dek, Lennart"]
[Result "1/2-1/2"]
[WhiteElo "2395"]
[BlackElo "2293"]
[PlyCount "81"]
[EventDate "2021.09.18"]
[EventType "team-tourn"]
[EventRounds "9"]
[EventCountry "NED"]
[SourceTitle "EXT 2023"]
[Source "ChessBase"]
[SourceDate "2022.10.05"]
[SourceVersion "1"]
[SourceVersionDate "2022.10.05"]
[SourceQuality "1"]
[WhiteTeam "Sas van Gent"]
[BlackTeam "Kennemer Combinatie"]
[WhiteTeamCountry "NED"]
[BlackTeamCountry "NED"]

1. e4 c5 2. Nc3 Nc6 3. Bb5 Nf6 4. Bxc6 dxc6 5. f4 e5 6. fxe5 Bg4 7. Nf3 Nd7 8. e6 Bxe6 9. d3 h6 10. Bf4 g5 11. Bg3 Bg7 12. 0-0 Qe7 13. Qd2 0-0 14. Rae1 Rad8 15. Nd5 cxd5 16. exd5 Nb6 17. dxe6 fxe6 18. b3 Nd5 19. Qe2 Nf4 20. Bxf4 Rxf4 21. Qxe6+ Qxe6 22. Rxe6 Rdf8 23. h3 h5 24. Re4 Bd4+ 25. Kh2 Rxe4 26. dxe4 Rf4 27. Re1 Bc3 28. Re3 Bd4 29. Re2 Bf6 30. e5 Be7 31. Kg3 Kf7 32. e6+ Kf6 33. h4 Rg4+ 34. Kh3 gxh4 35. Nxh4 Bd6 36. Re3 c4 37. g3 cxb3 38. cxb3 Bc5 39. Re2 Bd6 40. Re3 Bc5 41. Re2 1/2-1/2

[Event "BEL-chT 2122"]
[Site "Belgium"]
[Date "2022.02.20"]
[Round "8.5"]
[White "Deleyn, Gunter"]
[Black "Maenhout, Thibaut"]
[Result "1/2-1/2"]
[WhiteElo "2195"]
[BlackElo "2396"]
[PlyCount "99"]
[EventDate "2021.10.24"]
[EventType "team-tourn"]
[EventRounds "11"]
[EventCountry "BEL"]
[SourceTitle "EXT 2023"]
[Source "ChessBase"]
[SourceDate "2022.10.05"]
[SourceVersion "1"]
[SourceVersionDate "2022.10.05"]
[SourceQuality "1"]
[WhiteTeam "KGSRL"]
[BlackTeam "KBSK Brugge"]
[WhiteTeamCountry "BEL"]
[BlackTeamCountry "BEL"]

1. c4 c5 2. g3 Nc6 3. Bg2 g6 4. Nc3 Bg7 5. e3 d6 6. Nge2 h5 7. d4 cxd4 8. exd4 h4 9. Be3 Nh6 10. d5 Ne5 11. 0-0 Bg4 12. Qa4+ Bd7 13. Qb3 hxg3 14. hxg3 Qc8 15. Nb5 a6 16. Nbd4 Nhg4 17. Rfc1 Nxe3 18. Qxe3 Bh6 19. Nf4 g5 20. Nfe2 Qc5 21. Qe4 f5 22. Qb1 a5 23. Nb3 Qa7 24. c5 0-0 25. c6 bxc6 26. dxc6 Bc8 27. Nbd4 Rb8 28. Bd5+ Kh8 29. Kg2 Ng4 30. Qd3 e5 31. f3 Ba6 32. Bc4 exd4 33. fxg4 Bxc4 34. Rxc4 Rxb2 35. Rh1 Kg7 36. gxf5 d5 37. Rc2 Rxc2 38. Qxc2 g4 39. c7 d3 40. Qxd3 Qxc7 41. Qd4+ Kh7 42. Qxg4 Rf6 43. Nd4 Qc4 44. Re1 Qxa2+ 45. Re2 Qa3 46. Re8 Bg7 47. Nf3 Qb2+ 48. Kh3 Rh6+ 49. Nh4 Qf2 50. Re7 1/2-1/2

[Event "BEL-chT 2122"]
[Site "Belgium"]
[Date "2022.02.13"]
[Round "7.5"]
[White "Maenhout, Thibaut"]
[Black "Mollekens, Roeland"]
[Result "1-0"]
[WhiteElo "2396"]
[BlackElo "1971"]
[PlyCount "43"]
[EventDate "2021.10.24"]
[EventType "team-tourn"]
[EventRounds "11"]
[EventCountry "BEL"]
[SourceTitle "EXT 2023"]
[Source "ChessBase"]
[SourceDate "2022.10.05"]
[SourceVersion "1"]
[SourceVersionDate "2022.10.05"]
[SourceQuality "1"]
[WhiteTeam "KBSK Brugge"]
[BlackTeam "Borgerhout"]
[WhiteTeamCountry "BEL"]
[BlackTeamCountry "BEL"]

1. e4 Nf6 2. e5 Nd5 3. d4 d6 4. Nf3 Bg4 5. Be2 c6 6. c4 Bxf3 7. Bxf3 Nb6 8. e6 fxe6 9. Bg4 Nxc4 10. Bxe6 d5 11. Qf3 Qa5+ 12. Nc3 Nd7 13. 0-0 0-0-0 14. Bf4 Nd6 15. Qh3 Qb4 16. Be5 h5 17. Rfc1 Rh6 18. Nxd5 Qxb2 19. Rab1 Qe2 20. Qc3 Rxe6 21. Qxc6+ bxc6 22. Rxc6# 1-0

[Event "Guimaraes op"]
[Site "Guimaraes"]
[Date "2021.08.29"]
[Round "9"]
[White "Choukri, Adel"]
[Black "Maenhout, Thibaut"]
[Result "1/2-1/2"]
[WhiteElo "2318"]
[BlackElo "2394"]
[PlyCount "108"]
[EventDate "2021.08.24"]
[EventType "swiss"]
[EventRounds "9"]
[EventCountry "POR"]
[SourceTitle "CBM 204 Extra"]
[Source "ChessBase"]
[SourceDate "2021.11.30"]
[SourceVersion "1"]
[SourceVersionDate "2021.11.30"]
[SourceQuality "1"]

1. e4 c5 2. Nf3 d6 3. d4 cxd4 4. Nxd4 Nf6 5. Nc3 a6 6. Be2 e5 7. Nb3 Be7 8. 0-0 0-0 9. Be3 Be6 10. Qd3 Nbd7 11. Nd5 Bxd5 12. exd5 h5 13. h3 g6 14. c4 a5 15. a4 Nc5 16. Nxc5 dxc5 17. Ra3 Ne8 18. Rb3 b6 19. Bh6 Ng7 20. g4 h4 21. Qe3 Re8 22. f4 Bf6 23. fxe5 Bxe5 24. Qf3 Ra7 25. Kg2 Bd4 26. Bd1 Rd7 27. Qf4 f6 28. Qd2 Rde7 29. Rbf3 Re4 30. Rd3 g5 31. Bf3 R4e5 32. Kh1 Qd6 33. Qh2 Kh7 34. Bxg7 Kxg7 35. Bd1 Re1 36. Rdf3 Qxh2+ 37. Kxh2 Rxf1 38. Rxf1 Re3 39. Rf3 Re1 40. Rd3 Kf7 41. Bf3 Ke7 42. Rb3 Rf1 43. Be4 Rf2+ 44. Kh1 Rf1+ 45. Kh2 Rf2+ 46. Kh1 Rxb2 47. Rxb2 Bxb2 48. Kg2 Kd6 49. Kf3 Ke5 50. Bg6 Bc1 51. Be8 Bf4 52. Bd7 Kd4 53. Bb5 Kd3 54. Ba6 Bd6 1/2-1/2

[Event "Guimaraes op"]
[Site "Guimaraes"]
[Date "2021.08.26"]
[Round "5"]
[White "Maenhout, Thibaut"]
[Black "Tadevosyan, Aspet"]
[Result "1-0"]
[WhiteElo "2394"]
[BlackElo "2245"]
[PlyCount "89"]
[EventDate "2021.08.24"]
[EventType "swiss"]
[EventRounds "9"]
[EventCountry "POR"]
[SourceTitle "CBM 204 Extra"]
[Source "ChessBase"]
[SourceDate "2021.11.30"]
[SourceVersion "1"]
[SourceVersionDate "2021.11.30"]
[SourceQuality "1"]

1. e4 c5 2. Nc3 d6 3. d4 cxd4 4. Qxd4 Nc6 5. Qd2 g6 6. b3 Bh6 7. f4 Nf6 8. Bb2 0-0 9. 0-0-0 e5 10. g3 Re8 11. Bg2 Bg4 12. Nge2 Nd4 13. Nxd4 Bxd1 14. Rxd1 exd4 15. Qxd4 Bg7 16. Nd5 Nh5 17. Qb4 Bxb2+ 18. Kxb2 Nf6 19. Qxb7 Nxd5 20. Qxd5 Qf6+ 21. Qd4 Qxd4+ 22. Rxd4 Rad8 23. Bf1 f6 24. Bb5 Re7 25. c4 Rb8 26. Kc3 Rb6 27. a4 Rc7 28. Kb4 Re7 29. a5 Rbb7 30. Kc3 Rbc7 31. Kd3 Re6 32. b4 Kg7 33. f5 gxf5 34. exf5 Re1 35. Kd2 Rce7 36. Rxd6 R7e2+ 37. Kc3 Rxh2 38. Rd7+ Kh6 39. Rxa7 Re3+ 40. Kd4 Rxg3 41. Bc6 Rb3 42. b5 Kg5 43. a6 h5 44. Rh7 Ra2 45. a7 1-0

[Event "Guimaraes op"]
[Site "Guimaraes"]
[Date "2021.08.25"]
[Round "3"]
[White "Pinho, Paulo Miguel"]
[Black "Maenhout, Thibaut"]
[Result "0-1"]
[WhiteElo "2164"]
[BlackElo "2394"]
[PlyCount "92"]
[EventDate "2021.08.24"]
[EventType "swiss"]
[EventRounds "9"]
[EventCountry "POR"]
[SourceTitle "CBM 204 Extra"]
[Source "ChessBase"]
[SourceDate "2021.11.30"]
[SourceVersion "1"]
[SourceVersionDate "2021.11.30"]
[SourceQuality "1"]

1. d4 Nf6 2. c4 g6 3. Nc3 Bg7 4. e4 d6 5. Be2 0-0 6. Nf3 e5 7. 0-0 exd4 8. Nxd4 Re8 9. f3 c6 10. Kh1 Nbd7 11. Nc2 Nb6 12. Bg5 Be6 13. c5 dxc5 14. Qxd8 Rexd8 15. e5 Nfd5 16. Bxd8 Rxd8 17. Rad1 Bxe5 18. Ne4 Nd7 19. Rfe1 b6 20. b3 Nc3 21. Nxc3 Bxc3 22. Rf1 Re8 23. f4 Nf6 24. Bf3 Nd5 25. Rf2 Bf5 26. g3 h5 27. h3 Bxh3 28. Bxd5 cxd5 29. Rxd5 Bf5 30. Kh2 Kg7 31. Rd1 b5 32. Rd6 Ba5 33. Na3 Re1 34. Nc2 Rc1 35. Ne3 Be4 36. Rd1 Rxd1 37. Nxd1 c4 38. bxc4 bxc4 39. Nb2 c3 40. Nc4 Bb4 41. a3 Bc5 42. Rf1 c2 43. Rc1 Kf6 44. Nd2 Bd3 45. Nb3 Bxa3 46. Ra1 Bb2 0-1

[Event "BEL-ch"]
[Site "Bruges"]
[Date "2020.08.20"]
[Round "6"]
[White "Maenhout, Thibaut"]
[Black "Meessen, Rudolf"]
[Result "1-0"]
[WhiteElo "2377"]
[BlackElo "2221"]
[PlyCount "75"]
[EventDate "2020.08.15"]
[EventType "tourn"]
[EventRounds "9"]
[EventCountry "BEL"]
[EventCategory "6"]
[SourceTitle "CBM 197 Extra"]
[Source "ChessBase"]
[SourceDate "2020.09.30"]
[SourceVersion "1"]
[SourceVersionDate "2020.09.30"]
[SourceQuality "1"]

1. e4 e6 2. d4 d5 3. Nd2 Nf6 4. e5 Nfd7 5. Bd3 c5 6. c3 Nc6 7. Ngf3 Be7 8. 0-0 g5 9. dxc5 g4 10. Nd4 Ndxe5 11. Bb5 Bd7 12. Bxc6 bxc6 13. f4 Ng6 14. b4 f5 15. Qe2 Kf7 16. N2b3 Qc8 17. c4 Bf6 18. Bb2 Re8 19. Qc2 h5 20. Rae1 Rb8 21. a3 a6 22. Na5 Re7 23. Re2 h4 24. Qc1 Qc7 25. Ref2 Rf8 26. cxd5 exd5 27. Naxc6 g3 28. hxg3 hxg3 29. Rf3 Bxc6 30. Nxf5 Nh4 31. Nd6+ Kg8 32. Rxg3+ Rg7 33. Bxf6 Rxf6 34. Qe1 Nxg2 35. Kxg2 d4+ 36. Rff3 Rxf4 37. Qe6+ Kf8 38. Kf2 1-0

[Event "BEL-chT 1920"]
[Site "Belgium"]
[Date "2020.02.02"]
[Round "7.4"]
[White "Maenhout, Thibaut"]
[Black "Postny, Evgeny"]
[Result "0-1"]
[WhiteElo "2376"]
[BlackElo "2601"]
[PlyCount "74"]
[EventDate "2019.09.29"]
[EventType "team-tourn"]
[EventRounds "11"]
[EventCountry "BEL"]
[SourceTitle "CBM 195 Extra"]
[Source "ChessBase"]
[SourceDate "2020.05.31"]
[SourceVersion "1"]
[SourceVersionDate "2020.05.31"]
[SourceQuality "1"]
[WhiteTeam "KBSK Brugge"]
[BlackTeam "Wirtzfeld"]
[WhiteTeamCountry "BEL"]
[BlackTeamCountry "BEL"]

1. e4 e5 2. Nf3 Nc6 3. Bb5 a6 4. Ba4 Nf6 5. 0-0 Be7 6. Re1 b5 7. Bb3 d6 8. c3 Na5 9. Bc2 c5 10. d4 Qc7 11. h3 Bd7 12. Nbd2 cxd4 13. cxd4 Rc8 14. Bb1 0-0 15. Nf1 Rfe8 16. Ng3 Nc6 17. a3 exd4 18. b3 Qa7 19. Ra2 Ne5 20. Rd2 Nxf3+ 21. Qxf3 Rc3 22. Rd3 Rxd3 23. Qxd3 Bd8 24. Rd1 Bb6 25. Bg5 Bd8 26. Qxd4 Qxd4 27. Rxd4 d5 28. Kf1 h6 29. Bxf6 Bxf6 30. Rxd5 Be6 31. Rd6 Bxb3 32. Rxa6 Rd8 33. Ke2 Bc4+ 34. Kf3 Be5 35. Nf5 Rd1 36. Bc2 Rd2 37. Ne3 Be2# 0-1

[Event "Barcelona Sant Marti op 21st"]
[Site "Barcelona"]
[Date "2019.07.21"]
[Round "9"]
[White "Mahajan, Ayush"]
[Black "Maenhout, Thibaut"]
[Result "0-1"]
[WhiteElo "1605"]
[BlackElo "2406"]
[PlyCount "92"]
[EventDate "2019.07.13"]
[EventType "swiss"]
[EventRounds "9"]
[EventCountry "ESP"]
[SourceTitle "EXT 2020"]
[Source "ChessBase"]
[SourceDate "2019.10.17"]
[SourceVersion "1"]
[SourceVersionDate "2019.10.17"]
[SourceQuality "1"]

1. e4 c5 2. c3 Nf6 3. e5 Nd5 4. Bc4 e6 5. d4 d6 6. Nf3 cxd4 7. cxd4 Be7 8. 0-0 0-0 9. Nc3 Nxc3 10. bxc3 Nc6 11. Qe2 Qa5 12. Bd2 dxe5 13. dxe5 Bd7 14. Rab1 Rab8 15. Rfe1 Rfd8 16. Qe4 Be8 17. Bb3 Rd7 18. Re2 Rbd8 19. Be1 g6 20. h4 Qa6 21. h5 Qd3 22. Qxd3 Rxd3 23. hxg6 hxg6 24. Bc2 R3d7 25. Ba4 Rc7 26. Rd2 Rdc8 27. Rdb2 b6 28. Bb5 Na5 29. Bxe8 Rxe8 30. Nd4 Rd8 31. f4 Rc4 32. Ne2 Re4 33. Ra1 Nc4 34. Rc2 Bc5+ 35. Bf2 Ne3 36. Bxe3 Bxe3+ 37. Kf1 Bxf4 38. Nxf4 Rxf4+ 39. Rf2 Rxf2+ 40. Kxf2 Rd3 41. g4 Rxc3 42. a3 Rc4 43. Kf3 Ra4 44. Rc1 Rxa3+ 45. Kf4 Kg7 46. Rc7 a5 0-1

[Event "Barcelona Sant Marti op 21st"]
[Site "Barcelona"]
[Date "2019.07.19"]
[Round "7"]
[White "Vaklinov, Vasil"]
[Black "Maenhout, Thibaut"]
[Result "1/2-1/2"]
[WhiteElo "2104"]
[BlackElo "2406"]
[PlyCount "45"]
[EventDate "2019.07.13"]
[EventType "swiss"]
[EventRounds "9"]
[EventCountry "ESP"]
[SourceTitle "EXT 2020"]
[Source "ChessBase"]
[SourceDate "2019.10.17"]
[SourceVersion "1"]
[SourceVersionDate "2019.10.17"]
[SourceQuality "1"]

1. c4 e5 2. Nc3 d6 3. g3 g6 4. Bg2 Bg7 5. e3 c6 6. Nge2 h5 7. h4 Nh6 8. d3 a5 9. a3 Nf5 10. Rb1 Be6 11. e4 Nd4 12. Nxd4 exd4 13. Ne2 a4 14. b4 axb3 15. Qxb3 Nd7 16. 0-0 0-0 17. Bb2 c5 18. Nf4 Ne5 19. Nxe6 fxe6 20. f4 Ng4 21. Bh3 e5 22. Bxg4 hxg4 23. Bc1 1/2-1/2

[Event "Barcelona Sant Marti op 21st"]
[Site "Barcelona"]
[Date "2019.07.17"]
[Round "5"]
[White "Vergara Jofre, Felipe Andres"]
[Black "Maenhout, Thibaut"]
[Result "1-0"]
[WhiteElo "2332"]
[BlackElo "2406"]
[PlyCount "105"]
[EventDate "2019.07.13"]
[EventType "swiss"]
[EventRounds "9"]
[EventCountry "ESP"]
[SourceTitle "EXT 2020"]
[Source "ChessBase"]
[SourceDate "2019.10.17"]
[SourceVersion "1"]
[SourceVersionDate "2019.10.17"]
[SourceQuality "1"]

1. e4 c5 2. Nf3 d6 3. d4 cxd4 4. Nxd4 Nf6 5. Nc3 a6 6. Be3 e5 7. Nb3 Be6 8. f3 Be7 9. Qd2 0-0 10. 0-0-0 Nbd7 11. g4 b5 12. g5 Nh5 13. Kb1 Rc8 14. Rg1 g6 15. a3 Nb6 16. Nd5 Bxd5 17. exd5 Nc4 18. Qf2 Nxe3 19. Qxe3 Nf4 20. h4 Qc7 21. Qe4 f5 22. gxf6 Rxf6 23. c4 bxc4 24. Rc1 Qb6 25. Bxc4 a5 26. a4 Qb4 27. Bb5 Rxc1+ 28. Nxc1 Rf7 29. Qxb4 axb4 30. h5 Nxh5 31. Nd3 b3 32. Nxe5 Rf4 33. Nc6 Bf6 34. a5 Rxf3 35. Rf1 Rg3 36. a6 Rg2 37. a7 Rxb2+ 38. Kc1 Ra2 39. Bc4 b2+ 40. Kc2 Ra1 41. Rb1 Ng3 42. Rxb2 Bxb2 43. Kxb2 Rxa7 44. Nxa7 h5 45. Nc8 Kf8 46. Nxd6 Ke7 47. Nb7 Nf5 48. Kc3 g5 49. Bd3 Ne3 50. d6+ Ke6 51. Kd4 Ng4 52. Bc4+ Kf6 53. d7 1-0